000 00670nam a2200193 i 4500
001 25522
003 ES-MaACL
005 20230906153302.0
007 t|
008 021227s1975 sp ||||1| spa d
100 1 _aArias Navarro, Carlos.
_922794
245 1 0 _aDiscurso del presidente del Gobierno Carlos Arias a las Cortes Españolas, 24 de junio de 1975.
260 _a[Madrid] :
_bEdiciones del Movimiento,
_c[1975]
300 _a29 p., [4] h. de lám. ;
_c21 cm.
651 4 _aEspaña-
_xHistoria-
_y1939-1975, Dictadura.
_9167928
710 1 _aEspaña.
_bCortes Españolas.
_9171820
710 2 _aEdiciones del Movimiento.
_9171800
852 _aES-MaACL
_j2096-F-13
999 _c25522
_d25522